[Event "Titled Tue 27th May Late"]
[Site "chess.com INT"]
[Date "2025.05.27"]
[Round "2"]
[White "Sukandar, Irine Kharisma"]
[Black "Onur, Cigdem"]
[Result "1/2-1/2"]
[WhiteTitle "IM"]
[BlackTitle "WCM"]
[WhiteElo "2330"]
[BlackElo "1966"]
[WhiteFideId "7101937"]
[BlackFideId "6346030"]
[EventDate "2025.05.27"]

1. Nf3 d5 2. b3 c6 3. Bb2 Nf6 4. e3 Bg4 5. Be2 Nbd7 6. d4 e6 7. O-O Bd6 8. c4
O-O 9. Nbd2 Rc8 10. h3 Bh5 11. Rc1 Bb8 12. Ne5 Bxe2 13. Qxe2 Nxe5 14. dxe5 Nd7
15. f4 f6 16. cxd5 cxd5 17. Qg4 Qe7 18. exf6 Nxf6 19. Qg5 h6 20. Qg6 Qf7 21. Qd3
Nd7 22. Nf3 Qf5 23. Qd4 Nf6 24. Nh4 Qe4 25. Ng6 Qxg6 26. Qb4 b6 27. Ba3 Rfe8 28.
Qb5 Ne4 29. Qd7 Qf7 30. Qxc8 Rxc8 31. Rxc8+ Kh7 32. Rxb8 Qc7 33. Rf8 Qc3 34. Bc1
Ng3 35. Rd1 Ne2+ 36. Kh2 Nxc1 37. f5 Qxe3 38. fxe6 Qe5+ 39. Kh1 Ne2 40. Rf7 Qxe6
41. Rxa7 Ng3+ 42. Kh2 Ne4 43. Rf1 Qe5+ 44. Kg1 Qg3 45. Rff7 Qe1+ 46. Kh2 Qg3+
47. Kg1 h5 48. Rad7 Nc5 49. Rxd5 Qe1+ 50. Kh2 Qe4 51. Rg5 Ne6 52. Rg3 Qe5 53. h4
Nd4 54. Kh3 Nf5 55. Rg5 Qe3+ 56. g3 Qf3 57. Rgxg7+ Kh8 58. Rh7+ Kg8 59. Rhg7+
Kh8 60. Rh7+ Kg8 61. Rhg7+ Kh8 1/2-1/2

[Event "Titled Tue 27th May Late"]
[Site "chess.com INT"]
[Date "2025.05.27"]
[Round "2"]
[White "Smieszek, Wojciech"]
[Black "Suleymanli, Suleyman"]
[Result "1/2-1/2"]
[WhiteTitle "CM"]
[BlackTitle "FM"]
[WhiteElo "2141"]
[BlackElo "2322"]
[WhiteFideId "1156047"]
[BlackFideId "13416375"]
[EventDate "2025.05.27"]

1. e4 e6 2. d4 d5 3. Bd3 dxe4 4. Bxe4 Nf6 5. Bf3 c5 6. Ne2 Qc7 7. Be3 Bd6 8.
Nbc3 a6 9. dxc5 Bxc5 10. Bxc5 Qxc5 11. O-O Nc6 12. Ng3 O-O 13. Nge4 Nxe4 14.
Nxe4 Qb6 15. b3 Rd8 16. Qe2 e5 17. c3 Bf5 18. Rfd1 h6 19. Nd6 Bg6 20. Nc4 Qc7
21. Bxc6 Qxc6 22. Nxe5 Qxc3 23. Nxg6 fxg6 24. Rac1 Rxd1+ 25. Qxd1 Qe5 26. h3 Rf8
27. Rc2 Kh7 28. Re2 Qb5 29. Qc2 Rf7 30. Re6 Qf5 31. Qxf5 gxf5 32. Rb6 Rc7 33.
Kh2 f4 34. h4 Rc2 35. f3 Rxa2 36. Rxb7 h5 37. Rb4 Rb2 38. Rxf4 Rxb3 39. Rf5 g6
40. Ra5 Rb6 41. Kg3 Kg7 42. Kf4 Rb4+ 43. Kg3 Rb6 44. Kf2 Kf6 45. Ke3 Rb3+ 46.
Kf2 Rb6 47. g4 hxg4 48. fxg4 Rb2+ 49. Ke3 Rb3+ 50. Kd2 Rb6 51. g5+ Kg7 52. Ra4
Re6 53. Kd3 Kf7 54. Kd4 Ke7 55. Kd5 Rd6+ 56. Kc5 Re6 57. Rf4 a5 58. Kb5 Re5+ 59.
Ka4 Rd5 60. Rf6 Rd4+ 61. Kxa5 Rxh4 62. Rxg6 Kf7 63. Rc6 Rg4 64. Rc5 Kg6 65. Kb6
Rxg5 66. Rxg5+ Kxg5 1/2-1/2

[Event "Titled Tue 27th May Late"]
[Site "chess.com INT"]
[Date "2025.05.27"]
[Round "2"]
[White "Leiva, Gianmarco"]
[Black "Erece, Ece Alkim"]
[Result "1-0"]
[WhiteTitle "IM"]
[BlackTitle "WCM"]
[WhiteElo "2387"]
[BlackElo "1843"]
[WhiteFideId "3804399"]
[BlackFideId "6346006"]
[EventDate "2025.05.27"]

1. e4 e6 2. d4 d5 3. Nc3 dxe4 4. Nxe4 Nd7 5. Nf3 Ngf6 6. Nxf6+ Nxf6 7. Bd3 b6 8.
Ne5 a6 9. Qf3 Qd5 10. Qxd5 Nxd5 11. c3 Bd6 12. Nc4 O-O 13. Nxd6 cxd6 14. Bd2 Bb7
15. Ke2 b5 16. a4 Nc7 17. axb5 axb5 18. f3 Bc6 19. Be4 Nd5 20. Rhc1 f5 21. Bc2
Kf7 22. b3 Nb6 23. Bd3 Rfc8 24. c4 Bb7 25. Rxa8 Bxa8 26. Bf4 Ke7 27. c5 dxc5 28.
dxc5 Nd5 29. Bd6+ Kd7 30. Bxb5+ Bc6 31. Bxc6+ Kxc6 32. Ra1 Nb4 33. Ra7 Kd5 34.
Rxg7 Nc6 35. Rxh7 Nd4+ 36. Kf2 Nxb3 37. Rc7 Rxc7 38. Bxc7 Nxc5 39. Bb6 Nd3+ 40.
Ke3 Ne5 41. Bc7 Nc4+ 42. Kf4 Kc6 43. Bb8 Kd7 44. g4 fxg4 45. fxg4 Nb6 46. Be5
Ke7 47. h4 Kf7 48. h5 Nd5+ 49. Ke4 Ne7 50. g5 Nf5 51. g6+ Ke7 52. Kf4 Kf8 53.
Kg5 Kg8 54. h6 Ng7 55. h7+ Kh8 56. Bf6 e5 57. Kh6 1-0

[Event "Titled Tue 27th May Late"]
[Site "chess.com INT"]
[Date "2025.05.27"]
[Round "2"]
[White "Adewumi, Tanitoluwa"]
[Black "Guliev, Gasan"]
[Result "1-0"]
[WhiteTitle "FM"]
[BlackTitle "CM"]
[WhiteElo "2376"]
[BlackElo "2123"]
[WhiteFideId "30966396"]
[BlackFideId "34165638"]
[EventDate "2025.05.27"]

1. Nf3 Nf6 2. d4 d5 3. c4 e6 4. Nc3 c5 5. cxd5 exd5 6. Bg5 Be6 7. e3 c4 8. Be2
Nbd7 9. O-O h6 10. Bxf6 Nxf6 11. Ne5 Bd6 12. b3 O-O 13. bxc4 Rc8 14. Qa4 dxc4
15. Qxa7 Bb4 16. Rfc1 Qe7 17. Bf3 Bxc3 18. Rxc3 Bd5 19. Bxd5 Nxd5 20. Rxc4 Rxc4
21. Nxc4 Rc8 22. Ne5 Qb4 23. h4 Qb2 24. Rf1 Nxe3 25. fxe3 Rc2 26. Qb8+ Kh7 27.
Nxf7 Rxg2+ 28. Kh1 Rg4 29. Qh8+ Kg6 30. Ne5+ Kh5 31. Qe8+ Kxh4 32. Nxg4 Kg3 33.
Qe4 Qh2+ 34. Nxh2 g5 35. Qf4+ gxf4 36. Rf3+ Kh4 37. e4 Kg5 38. e5 Kf5 39. Rxf4+
Kxf4 40. e6 Kf5 41. d5 Kf6 42. Ng4+ Ke7 43. Nxh6 Kd6 44. Nf5+ Kxd5 45. e7 Kc5
46. e8=Q Kb4 47. Nd4 b5 48. Nc2+ Kc3 49. Qxb5 Kxc2 50. a4 Kc3 51. a5 Kd4 52. a6
Ke4 53. a7 Kd4 54. Qb6+ Kc3 55. Qb7 Kd2 56. Qb8 Kd3 57. Qc8 Kd2 58. a8=R Ke3 59.
Ra4 Kf2 60. Qh3 Ke2 61. Ra2+ Kd1 62. Kg1 Kc1 63. Qh1 Kb1 64. Rg2 Kc1 65. Kh2# 1-0

[Event "Titled Tue 27th May Late"]
[Site "chess.com INT"]
[Date "2025.05.27"]
[Round "2"]
[White "Brozynski, Patryk"]
[Black "Povshednyi, Ivan"]
[Result "0-1"]
[WhiteTitle "CM"]
[BlackTitle "FM"]
[WhiteElo "2219"]
[BlackElo "2320"]
[WhiteFideId "2512700"]
[BlackFideId "14190907"]
[EventDate "2025.05.27"]

1. Nf3 d5 2. e3 c5 3. b3 Nc6 4. Bb2 e6 5. d4 cxd4 6. Nxd4 Bb4+ 7. c3 Bd6 8. Be2
Nf6 9. O-O O-O 10. c4 Qe7 11. cxd5 exd5 12. Nc3 a6 13. Bf3 Rd8 14. Rc1 Nxd4 15.
Qxd4 Be5 16. Qh4 Bf5 17. Rfd1 Qe6 18. Ba3 b5 19. Ne2 Be4 20. Bxe4 dxe4 21. Ng3
Rxd1+ 22. Rxd1 h6 23. Nh5 Nxh5 24. Qxh5 Rc8 25. Qe2 Qc6 26. g3 g6 27. Qg4 h5 28.
Qg5 Bf6 29. Qf4 Bg7 30. Rc1 Qa8 31. Rxc8+ Qxc8 32. Qxe4 a5 33. Bd6 Qd7 34. Bc5
Qd1+ 35. Kg2 Qd7 36. Qa8+ Kh7 37. Qe4 Kg8 38. h4 a4 39. bxa4 bxa4 40. a3 Qb5 41.
Bb4 Qd7 42. Qa8+ Kh7 43. Qe4 Bf6 44. Qf4 Bb2 45. Qe4 Bg7 46. Qe7 Qd5+ 47. Kg1
Qd1+ 48. Kg2 Qb3 49. Qe4 Bb2 50. Qf4 Kg8 51. Qb8+ Kg7 52. Bf8+ Kh7 53. Bb4 Bxa3
54. Qe5 Bxb4 55. g4 Qe6 0-1

[Event "Titled Tue 27th May Late"]
[Site "chess.com INT"]
[Date "2025.05.27"]
[Round "2"]
[White "Lisenkov, Svyatoslav"]
[Black "Rossi, Maximiliano"]
[Result "1-0"]
[WhiteTitle "CM"]
[WhiteElo "2241"]
[BlackElo "2013"]
[WhiteFideId "34264183"]
[BlackFideId "113425"]
[EventDate "2025.05.27"]

1. e4 e6 2. d4 d5 3. exd5 exd5 4. Nf3 Bd6 5. Bd3 Ne7 6. O-O Nbc6 7. c3 Bg4 8. h3
Bh5 9. b4 Qd7 10. a4 f6 11. a5 O-O-O 12. b5 Nb8 13. Na3 g5 14. Be2 Rdg8 15. Nh2
Bxh2+ 16. Kxh2 Bxe2 17. Qxe2 g4 18. Re1 gxh3 19. g3 Ng6 20. b6 axb6 21. axb6 c6
22. Qh5 Re8 23. Rxe8+ Rxe8 24. Be3 f5 25. Qxh3 f4 26. gxf4 Qxh3+ 27. Kxh3 Ne7
28. Nc2 Nf5 29. Kg4 Nd6 30. Rh1 Rg8+ 31. Kf3 Rg7 32. Rh6 Nf5 33. Rh5 Ne7 34. f5
Rf7 35. Kg4 Nd7 36. Bg5 Ng8 37. Ne3 Ndf6+ 38. Kh4 Nxh5 39. Kxh5 Kd7 40. Ng4 h6
41. Ne5+ Ke8 42. Nxf7 Kxf7 43. Bd8 Nf6+ 44. Kxh6 Ne4 45. f3 Nxc3 46. Kg5 Ne2 47.
Bf6 Nc3 48. Be5 Na4 49. Bc7 c5 50. dxc5 Nxc5 51. Kf4 Na6 52. Bd6 Ke8 53. Ke5 Kd7
54. f6 Ke8 55. Ke6 Nc5+ 56. Bxc5 d4 57. f7+ Kd8 58. f8=Q# 1-0

[Event "Titled Tue 27th May Late"]
[Site "chess.com INT"]
[Date "2025.05.27"]
[Round "2"]
[White "Jing, Andrew"]
[Black "Svane, Rasmus"]
[Result "0-1"]
[WhiteTitle "FM"]
[BlackTitle "GM"]
[WhiteElo "2254"]
[BlackElo "2629"]
[WhiteFideId "30984076"]
[BlackFideId "4657101"]
[EventDate "2025.05.27"]

1. d4 d5 2. Bf4 e6 3. e3 Bd6 4. Nf3 Nf6 5. Nbd2 O-O 6. c3 c5 7. Bd3 Bxf4 8. exf4
cxd4 9. cxd4 Nc6 10. O-O Qb6 11. Nb3 a5 12. Rb1 a4 13. Na1 Nb4 14. Nc2 Nxd3 15.
Qxd3 Bd7 16. Na3 Rfc8 17. Ne5 Be8 18. f3 Rc7 19. Rf2 Rac8 20. Rd2 Nd7 21. g3 f6
22. Nxd7 Rxd7 23. Re1 Rdc7 24. f5 exf5 25. Qxf5 Bf7 26. Kg2 g6 27. Qf4 Kg7 28.
Rde2 Qb4 29. Qd2 Qxd2 30. Rxd2 Be8 31. Re6 Bc6 32. Rde2 Kf7 33. f4 Re8 34. Rxe8
Bxe8 35. Rc2 Bc6 36. Kf2 h5 37. Nb5 Rd7 38. Nc3 Rd8 39. a3 Ke6 40. Re2+ Kd6 41.
Kf3 Bd7 42. Rc2 Ra8 43. Rc1 Ra6 44. Kf2 Rb6 45. Rc2 Rb3 46. Rd2 Bf5 47. Ke3 b5
48. Ke2 Be4 49. Kf2 Ke6 50. Re2 Kf5 51. h3 h4 52. Rd2 b4 53. axb4 Rxb4 54. Re2
Rb3 55. gxh4 Kxf4 56. Nxa4 Rxh3 57. Nc3 Rxh4 58. b4 g5 59. b5 g4 60. b6 g3+ 61.
Ke1 Rh1+ 62. Kd2 g2 63. b7 g1=Q 64. b8=Q+ Kf5 65. Qc8+ Kf4 66. Qc7+ Kf3 67. Qd6
Qc1# 0-1

[Event "Titled Tue 27th May Late"]
[Site "chess.com INT"]
[Date "2025.05.27"]
[Round "2"]
[White "Li, Hui"]
[Black "Kovacsy, Barnabas"]
[Result "0-1"]
[WhiteTitle "CM"]
[BlackTitle "FM"]
[WhiteElo "2041"]
[BlackElo "2252"]
[WhiteFideId "15400310"]
[BlackFideId "769290"]
[EventDate "2025.05.27"]

1. e4 c5 2. Nf3 e6 3. d4 cxd4 4. Nxd4 Nc6 5. Nc3 Qc7 6. Be2 a6 7. O-O b5 8. Nxc6
dxc6 9. a4 b4 10. Nb1 Nf6 11. Nd2 Bb7 12. Bd3 Bc5 13. Nc4 O-O 14. Qe2 e5 15. Be3
Bxe3 16. Qxe3 c5 17. a5 Rad8 18. f3 Ne8 19. Rfd1 Nd6 20. Nxd6 Rxd6 21. Bc4 Rfd8
22. Qe2 Qd7 23. Rxd6 Qxd6 24. h3 Qd4+ 25. Kh2 Qxb2 26. Rd1 Rxd1 27. Qxd1 Qd4 28.
Qe2 Qd6 29. Qd3 Qxd3 30. Bxd3 Kf8 31. Kg3 Ke7 32. Kf2 Kd6 33. Bc4 f6 34. Ke3 Kc7
35. g3 Bc8 36. h4 Kb7 37. Bd5+ Ka7 38. Bg8 h6 39. Bc4 Bd7 40. Kd2 Bb5 41. Bd5
Kb8 42. Ke3 Kc7 43. Kd2 Kd6 44. Ke3 c4 45. Kd2 Kc5 46. Bf7 Kd4 47. f4 exf4 48.
gxf4 Kxe4 49. Be6 Kxf4 50. Bc8 Ke5 51. c3 b3 52. Kc1 g5 53. hxg5 hxg5 54. Kb2 f5 0-1

[Event "Titled Tue 27th May Late"]
[Site "chess.com INT"]
[Date "2025.05.27"]
[Round "2"]
[White "Diaz Cesar, Wilsaida Pieranlly"]
[Black "Gutkin, Ilya"]
[Result "0-1"]
[WhiteTitle "WFM"]
[BlackTitle "FM"]
[WhiteElo "1892"]
[BlackElo "2320"]
[WhiteFideId "6403557"]
[BlackFideId "16203470"]
[EventDate "2025.05.27"]

1. e4 e5 2. Nf3 Nc6 3. c3 d5 4. Qa4 dxe4 5. Nxe5 Bd7 6. Nxd7 Qxd7 7. Qxe4+ Be7
8. Bb5 Nf6 9. Bxc6 bxc6 10. Qf3 O-O 11. O-O c5 12. d3 Rad8 13. Rd1 Ng4 14. Bf4
Bd6 15. Na3 Rfe8 16. Nc4 Nf6 17. Bg5 Re6 18. Re1 Rde8 19. Rxe6 Rxe6 20. Nxd6
cxd6 21. Bxf6 gxf6 22. Rd1 Qe7 23. Kf1 Re5 24. d4 cxd4 25. Qg4+ Rg5 26. Qxd4 Qb7
27. f3 Qxb2 28. Rd2 Qb1+ 29. Kf2 Re5 30. g3 Qe1+ 31. Kg2 Re2+ 32. Rxe2 Qxe2+ 33.
Kh3 Qxf3 34. Qg4+ Qxg4+ 35. Kxg4 Kf8 36. Kf4 d5 37. Kf5 Ke7 38. g4 h6 39. h3 a6
40. a3 a5 41. a4 Kd6 42. Kxf6 Kc5 43. Kxf7 Kc4 44. h4 Kxc3 45. g5 hxg5 46. hxg5
d4 47. g6 d3 48. g7 d2 49. g8=Q d1=Q 50. Qe8 Qf3+ 51. Kg7 Qg4+ 52. Kf6 Qd4+ 53.
Kg6 Kb3 54. Qb5+ Qb4 0-1

[Event "Titled Tue 27th May Late"]
[Site "chess.com INT"]
[Date "2025.05.27"]
[Round "2"]
[White "Raptis, Nick"]
[Black "Donchenko, Alexander"]
[Result "0-1"]
[WhiteTitle "FM"]
[BlackTitle "GM"]
[WhiteElo "2220"]
[BlackElo "2615"]
[WhiteFideId "2016850"]
[BlackFideId "24603295"]
[EventDate "2025.05.27"]

1. d4 Nf6 2. Nc3 d6 3. e4 g6 4. Bg5 Bg7 5. e5 Nfd7 6. f4 O-O 7. Nf3 c5 8. exd6
Re8 9. Bxe7 Nc6 10. Be2 Nxe7 11. dxe7 Qxe7 12. Qd2 cxd4 13. Nxd4 Nc5 14. O-O-O
Rd8 15. Nc6 Rxd2 16. Nxe7+ Kf8 17. Rxd2 Kxe7 18. Nd5+ Kf8 19. Nc7 Rb8 20. Rd8+
Ke7 21. Rhd1 Bh6 22. g3 g5 23. Re8+ Kf6 24. Nd5+ Kg7 25. fxg5 Bxg5+ 26. Kb1 b6
27. Nf4 Ra8 28. h4 Bxf4 29. gxf4 Bb7 30. Rg1+ Kf6 31. Rxa8 Bxa8 32. Bd3 h6 33.
Rg8 Bf3 34. Rh8 h5 35. Rc8 Ne6 36. Rb8 Nxf4 37. a4 Ng2 38. Re8 Nxh4 39. Be2 Bg4
40. c4 Nf5 41. b4 Nd6 42. Re3 Bxe2 43. Rxe2 Nxc4 44. Rf2+ Kg6 45. Kc2 f5 46. Kc3
Nd6 47. Kd4 h4 48. Ke5 Nc4+ 49. Kd4 Nd6 50. Ke5 Nf7+ 51. Kf4 h3 52. Rh2 Ng5 53.
a5 Kf6 54. a6 Ne6+ 55. Kg3 Ng5 56. Rc2 Ke5 57. Rc7 f4+ 58. Kh2 f3 59. Rxa7 f2
60. Re7+ Kf6 61. Re8 f1=Q 62. Rf8+ Nf7 63. Kg3 Qxa6 64. Kh4 h2 0-1

[Event "Titled Tue 27th May Late"]
[Site "chess.com INT"]
[Date "2025.05.27"]
[Round "2"]
[White "Moroni, Luca Jr"]
[Black "Becking, Stephan"]
[Result "1-0"]
[WhiteTitle "GM"]
[BlackTitle "IM"]
[WhiteElo "2546"]
[BlackElo "2410"]
[WhiteFideId "865834"]
[BlackFideId "4632478"]
[EventDate "2025.05.27"]

1. d4 Nf6 2. Bf4 d5 3. e3 c6 4. c4 e6 5. Nc3 Bd6 6. Bxd6 Qxd6 7. f4 O-O 8. Nf3
b6 9. Bd3 c5 10. cxd5 exd5 11. Ne5 cxd4 12. exd4 Nc6 13. O-O Nxd4 14. Bxh7+ Kxh7
15. Qxd4 Qc5 16. Rfd1 Be6 17. Rac1 Rac8 18. Ne2 Qd6 19. Ng3 Kg8 20. h3 Rc5 21.
b4 Rxc1 22. Rxc1 Rc8 23. Rxc8+ Bxc8 24. Ne2 Qc7 25. Nc3 Bb7 26. Kh2 Ne4 27. Nxd5
Bxd5 28. Qxd5 Nf6 29. Qc6 Qe7 30. a3 g6 31. Qc8+ Kg7 32. Qc3 Kg8 33. Qd4 Nh5 34.
Ng4 Qc7 35. Nf6+ Nxf6 36. Qxf6 Qd7 37. Qe5 Qa4 38. Qc3 Qd7 39. Kg3 Qe7 40. Qe5
Qd7 41. Qe3 Qa4 42. h4 Kg7 43. h5 gxh5 44. Kh4 Qb5 45. Qg3+ Kf8 46. Qg5 Qd3 47.
Kxh5 Qxa3 48. Kh6 Qd3 49. Qg7+ Ke7 50. Qe5+ Kd7 51. f5 Qd6+ 52. Qxd6+ Kxd6 53.
b5 Kc5 54. g4 Kxb5 55. g5 a5 56. g6 fxg6 57. fxg6 Ka4 58. g7 b5 59. g8=Q b4 60.
Qa2+ Kb5 61. Kg5 a4 62. Kf4 b3 63. Qa3 Kc4 64. Qxa4+ Kc3 65. Qc6+ Kb2 66. Ke3
Ka2 67. Qa4+ Kb2 68. Kd3 Kc1 69. Kc3 b2 70. Qc2# 1-0

[Event "Titled Tue 27th May Late"]
[Site "chess.com INT"]
[Date "2025.05.27"]
[Round "2"]
[White "Tologon tegin, Semetei"]
[Black "Danila, Tudor-Gabriel"]
[Result "0-1"]
[WhiteTitle "IM"]
[BlackTitle "CM"]
[WhiteElo "2313"]
[BlackElo "2178"]
[WhiteFideId "13800574"]
[BlackFideId "1274244"]
[EventDate "2025.05.27"]

1. f4 c5 2. Nf3 g6 3. e3 Bg7 4. Be2 d6 5. O-O Nf6 6. c4 O-O 7. Nc3 Nc6 8. b3 Rb8
9. Bb2 Ne4 10. Qc1 Nxc3 11. Bxc3 a6 12. Bxg7 Kxg7 13. Qc3+ Kg8 14. d4 cxd4 15.
exd4 e6 16. Rad1 d5 17. c5 Qc7 18. Ne5 Nxe5 19. fxe5 Bd7 20. a4 b6 21. Bxa6 bxc5
22. dxc5 Qa7 23. Be2 Rfc8 24. Rc1 Bc6 25. Kh1 d4 26. Qxd4 Rxb3 27. Ra1 Bd5 28.
Rfc1 Qa5 29. Bb5 Rb4 30. Qd2 Rxb5 31. Qf2 Rbxc5 32. Rf1 R5c7 33. Ra3 Qc5 34. Re3
Qc2 35. Qg3 Rc3 36. Rxc3 Rxc3 37. Qg5 Rc8 38. h4 Qxa4 39. h5 Qc4 40. Rf4 Qc1+
41. Kh2 Rc2 42. Qd8+ Kg7 43. Qf6+ Kh6 44. Rg4 Rxg2+ 45. Rxg2 Bxg2 46. hxg6 hxg6
47. Qh4+ Kg7 48. Qf6+ Kg8 49. Qd8+ Kh7 50. Kxg2 Qd2+ 51. Kf3 Qxd8 52. Ke4 Qd5+
53. Kf4 Kh6 54. Ke3 g5 55. Kf2 Qxe5 56. Kg2 Qf4 57. Kg1 e5 58. Kg2 f5 59. Kh3 e4
60. Kg2 g4 61. Kg1 Kg5 62. Kg2 Qd2+ 63. Kg3 f4# 0-1

[Event "Titled Tue 27th May Late"]
[Site "chess.com INT"]
[Date "2025.05.27"]
[Round "2"]
[White "Obon Temprano, Sergi"]
[Black "George, Kevin"]
[Result "0-1"]
[WhiteTitle "FM"]
[BlackTitle "IM"]
[WhiteElo "2155"]
[BlackElo "2301"]
[WhiteFideId "2226545"]
[BlackFideId "10669515"]
[EventDate "2025.05.27"]

1. e4 g6 2. d4 Bg7 3. c3 d6 4. f4 Nd7 5. Nf3 c5 6. Bc4 e6 7. f5 Ne7 8. fxe6 fxe6
9. Bxe6 cxd4 10. cxd4 Nf6 11. Bxc8 Rxc8 12. Nc3 d5 13. e5 Ne4 14. Qa4+ Rc6 15.
O-O O-O 16. Bd2 Rxf3 17. Rxf3 Nxd2 18. Rf2 Ne4 19. Nxe4 dxe4 20. Qb3+ Qd5 21.
Qxd5+ Nxd5 22. Re2 e3 23. g3 Rc4 24. Rd1 Kf7 25. Kg2 Ke6 26. Kf3 Bh6 27. Ke4 Rb4
28. Rc2 Ne7 29. a3 Rb5 30. g4 Bg5 31. h4 Bxh4 32. Kxe3 Nd5+ 33. Ke4 Rb3 34. Rd3
Rb6 35. Rc5 Ne7 36. d5+ Kd7 37. b4 Bg5 38. Rdc3 Ke8 39. d6 Nc6 40. Kd5 Nd8 41.
Rc8 Kd7 42. R3c7+ Ke8 43. d7+ Ke7 44. e6 Rd6+ 45. Kc5 Nxe6+ 46. Kb5 Nxc7+ 47.
Rxc7 Rxd7 48. Rc8 Rd8 49. Rc7+ Rd7 50. Rc8 Bf6 51. Rg8 Kf7 52. Rb8 a6+ 53. Kb6
h5 54. gxh5 gxh5 55. a4 h4 56. Rc8 Kg6 57. b5 axb5 58. axb5 Kf5 59. Rg8 Rf7 60.
Rc8 Kg4 61. Rc3 Bxc3 62. Ka7 Bd4+ 63. b6 Bxb6+ 64. Ka8 Rf8+ 65. Kxb7 h3 66. Kc6
h2 67. Kd7 h1=Q 68. Ke6 Qe4+ 69. Kd7 Rd8# 0-1

[Event "Titled Tue 27th May Late"]
[Site "chess.com INT"]
[Date "2025.05.27"]
[Round "2"]
[White "Zhigalko, Sergei"]
[Black "Gubajdullin, Alexei"]
[Result "1-0"]
[WhiteTitle "GM"]
[BlackTitle "FM"]
[WhiteElo "2572"]
[BlackElo "2227"]
[WhiteFideId "13502956"]
[BlackFideId "4141202"]
[EventDate "2025.05.27"]

1. e4 c5 2. Nf3 d6 3. Bb5+ Nd7 4. O-O Nf6 5. Re1 e5 6. c3 Be7 7. d4 O-O 8. a4
Qc7 9. Na3 a6 10. Bd3 b6 11. h3 Re8 12. Be3 Bf8 13. d5 g6 14. Qd2 Bg7 15. Bh6
Rf8 16. b4 Nh5 17. Bf1 Nf4 18. Bxg7 Kxg7 19. g3 Nh5 20. Nc4 Rb8 21. Kh2 h6 22.
Be2 Nhf6 23. Qe3 Nh7 24. Nh4 Ndf6 25. a5 b5 26. Nb6 c4 27. f4 Re8 28. Bf3 exf4
29. gxf4 g5 30. Rg1 Kh8 31. fxg5 hxg5 32. Rxg5 Nxg5 33. Qxg5 Qe7 34. Qh6+ Nh7
35. Rg1 Rg8 36. Rxg8+ Kxg8 37. Nxc8 Rxc8 38. Nf5 Qe5+ 39. Kg2 Kh8 40. Nxd6 Rg8+
41. Bg4 Rg7 42. Kf2 Qxc3 43. Nf5 Qb2+ 44. Kg3 Rg6 45. Qf4 Qc3+ 46. Kf2 Qb2+ 47.
Be2 Qf6 48. Qb8+ Rg8 49. Qd6 Qg5 50. Qe5+ f6 51. Qg3 Qd2 52. Qe3 Qc2 53. Qd4 c3
54. d6 Qd2 55. d7 Qf4+ 56. Bf3 c2 57. d8=Q Qh2+ 58. Ke3 c1=Q+ 59. Qd2 Qcxd2+ 60.
Qxd2 Qxd2+ 61. Kxd2 Rd8+ 62. Ke3 1-0

[Event "Titled Tue 27th May Late"]
[Site "chess.com INT"]
[Date "2025.05.27"]
[Round "2"]
[White "Dudzinski, Pawel"]
[Black "Garcia Garcia, Samuel 2002 I"]
[Result "1-0"]
[WhiteTitle "FM"]
[BlackTitle "CM"]
[WhiteElo "2191"]
[BlackElo "2096"]
[WhiteFideId "1117890"]
[BlackFideId "24576158"]
[EventDate "2025.05.27"]

1. e4 c5 2. Nc3 Nc6 3. g3 g6 4. Bg2 Bg7 5. d3 d6 6. Be3 Nf6 7. h3 O-O 8. f4 Rb8
9. Qd2 Ne8 10. Nge2 Nd4 11. Nd1 Nc7 12. c3 Nxe2 13. Qxe2 b5 14. d4 Ne6 15. d5
Nc7 16. O-O a5 17. Nf2 a4 18. Rac1 Ba6 19. Rfd1 b4 20. c4 b3 21. a3 Bc8 22. e5
Bf5 23. Be4 Qd7 24. Bxf5 Qxf5 25. g4 Qd7 26. Nd3 Rfe8 27. Qf3 Na6 28. Re1 Kh8
29. Bf2 Rf8 30. Re2 Rbe8 31. Rce1 Nc7 32. Bg3 f5 33. exf6 Bxf6 34. Kh2 Rf7 35.
f5 Ref8 36. Bf4 Bd4 37. Bh6 Rg8 38. Rf1 Ne8 39. Be3 Bg7 40. Qe4 Nf6 41. Qe6 Qxe6
42. fxe6 Rff8 43. Ref2 Ne4 44. Rxf8 Rxf8 45. Rxf8+ Bxf8 46. Kg2 h5 47. Kf3 Nf6
48. Bd2 Bg7 49. Bc3 Kh7 50. g5 Ne8 51. Bxg7 Nxg7 52. Nc1 Nf5 53. Ne2 Kg7 54. Kf4
Kf8 55. Nc3 Nd4 56. Nxa4 Ne2+ 57. Ke3 Nd4 58. Nc3 Ke8 59. a4 Kd8 60. a5 Kc7 61.
Nb5+ Nxb5 62. cxb5 Kb7 63. Kd3 Ka7 64. Kc4 Kb7 65. Kxb3 Ka7 66. Kc4 Kb7 67. b4
cxb4 68. Kxb4 Ka7 69. h4 Kb7 70. b6 Ka6 71. Ka4 Kb7 72. Kb5 Kb8 73. Kc6 Kc8 74.
a6 Kb8 75. Kd7 1-0

[Event "Titled Tue 27th May Late"]
[Site "chess.com INT"]
[Date "2025.05.27"]
[Round "2"]
[White "Gasparyan, Erik R."]
[Black "Radchenko, Alexey"]
[Result "1-0"]
[WhiteTitle "IM"]
[BlackTitle "FM"]
[WhiteElo "2372"]
[BlackElo "2293"]
[WhiteFideId "13315730"]
[BlackFideId "4192362"]
[EventDate "2025.05.27"]

1. Nf3 d5 2. b3 c6 3. Bb2 Nf6 4. e3 g6 5. Be2 Bg7 6. O-O O-O 7. d4 Nbd7 8. Nbd2
Re8 9. Rc1 e6 10. c4 h5 11. Qc2 a5 12. a3 Qe7 13. Rfe1 Nh7 14. e4 dxe4 15. Nxe4
Nhf6 16. Ne5 Nxe5 17. dxe5 Nxe4 18. Qxe4 Rd8 19. Rcd1 Bd7 20. Rd6 Be8 21. Red1
Qg5 22. f4 Qe7 23. c5 Rdb8 24. Bf3 b6 25. Bd4 bxc5 26. Bxc5 Rxb3 27. Qc4 Qb7 28.
Rd8 Rb1 29. Qd3 Rxd1+ 30. Qxd1 Rxd8 31. Qxd8 Qd7 32. Qxa5 Bh6 33. g3 Qd3 34. Kg2
Qc2+ 35. Bf2 h4 36. Qc5 Qa2 37. Qe7 h3+ 38. Kf1 Qb1+ 39. Be1 Qb5+ 40. Be2 Qb8
41. Bb4 c5 42. Qxc5 Qa8 43. Ke1 Qh1+ 44. Kd2 Qxh2 45. Qc8 Qxg3 46. Qxe8+ Kh7 47.
Qxf7+ Kh8 48. Qe8+ Kh7 49. Qe7+ Kh8 50. Qe8+ Kh7 51. Qf7+ Kh8 52. Be7 Bxf4+ 53.
Kc2 Bxe5 54. Bf6+ Bxf6 55. Qxf6+ Kh7 56. Qf7+ Kh6 57. Qf3 Qc7+ 58. Qc3 h2 59.
Qxc7 h1=Q 60. Qf4+ Kg7 61. Qe5+ Kf7 62. Qf4+ Ke7 63. Qf3 Qh2 64. a4 Qc7+ 65. Qc3
Qb6 66. a5 Qa7 67. a6 Kd6 68. Kd2 e5 69. Qb4+ Kc7 70. Qc4+ Kb6 71. Qb5+ Kc7 72.
Qxe5+ Kb6 73. Qe3+ Kc6 74. Qxa7 1-0

[Event "Titled Tue 27th May Late"]
[Site "chess.com INT"]
[Date "2025.05.27"]
[Round "2"]
[White "Khodko, Yurii N."]
[Black "Tang, Andrew"]
[Result "0-1"]
[WhiteTitle "FM"]
[BlackTitle "GM"]
[WhiteElo "2268"]
[BlackElo "2529"]
[WhiteFideId "24264717"]
[BlackFideId "2059630"]
[EventDate "2025.05.27"]

1. e4 e5 2. Nf3 Nc6 3. d4 exd4 4. c3 d5 5. exd5 Qxd5 6. Be2 Bc5 7. O-O Be6 8.
Bb5 dxc3 9. Nxc3 Qxd1 10. Rxd1 Ne7 11. Bf4 Bb6 12. Ng5 Bg4 13. Re1 O-O 14. h3
Bf5 15. Rad1 Rad8 16. a3 h6 17. Nf3 Be6 18. Bf1 Nd5 19. Nxd5 Bxd5 20. Ne5 Nd4
21. Nc4 Ne6 22. Bg3 Bd4 23. b4 Rfe8 24. Ne3 Bb3 25. Rd3 Ba4 26. Nf5 Bf6 27. Rde3
Bc2 28. Nh4 Bd4 29. Rf3 Ng5 30. Rxe8+ Rxe8 31. Rf4 Ne4 32. Nf5 Nxg3 33. Nxg3 Be5
34. Rc4 Bb3 35. Rc5 Bd6 36. Rc1 g6 37. Bd3 Kg7 38. Ne4 Bf4 39. Rc3 Bd5 40. g3
Be5 41. Rc2 c6 42. Nc5 Re7 43. Re2 b6 44. Ne4 f5 45. Nd2 Kf6 46. Nf1 Bd4 47. Ne3
Be6 48. Rc2 c5 49. bxc5 Bxc5 50. a4 Bb3 51. Rc3 Bf7 52. Bc2 Rd7 53. Kg2 Rd2 54.
Bb3 Be8 55. Nd5+ Ke5 56. Ne3 Bc6+ 57. Kg1 Kf6 58. Rc2 Rd3 59. Bc4 Ra3 60. Bb5
Be4 61. Rd2 Rxe3 62. fxe3 Bxe3+ 63. Rf2 g5 64. Kf1 Bxf2 65. Kxf2 f4 66. gxf4
gxf4 67. Bd7 Ke5 68. h4 Kd4 69. Be8 Kc3 70. Bd7 Kb4 71. Be8 a6 72. Bd7 b5 73.
axb5 axb5 74. Ke2 Kc5 75. Kd2 b4 76. Be6 Kd4 77. Ke2 Kc3 78. Kf2 b3 79. Bf5 Bxf5 0-1